00000000nam##2200000za#4500
0019.666125
003CaOODSP
00520210615122641
007ta
008150407|2005||||xxc|||||     f|0| 0 iku|d
020 |a0-662-68679-9
040 |aCaOODSP|beng
041 7|aiku
041 7|aiku
041 |aeng
041 |afre
043 |an-cn---
0861 |aR2-371/2005
1101 |aCanada.|bIndian and Northern Affairs. |bNunavut Regional Office.
24514|aThe land - ours to use wisely : |bactivity and colouring book
260 |aIqaluit - Nunavut : |bIndian and Northern Affairs. |c2005.
300 |a[20]p. : |billus. ; |c28 cm.
5203 |aThis colouring book tells the story of two children as they follow their Grandfather through the environmental review process when a mining company plans to open a mine near Grandfather’s summer camp.
546 |aText in English, French, Inuktitut and Inuinaqtuin.
563 |aSoftcover
590 |a05-10|b2005-03-11
69007|aEnvironmental impact assessment|2gcpds
69007|aEnvironmental protection|2gcpds
7760#|tLa terre - il faut l'utiliser intelligement : |w(CaOODSP)9.675006
792 |tLa terre - il faut l'utiliser intelligement : |efre|w(CaOODSP)9.666126
986 |aQS-8628-010-HI-AEF-A1